Library of the University of Algiers 3
Ibrahim Sultan Cheibout
شعار جامعة الجزائر 3
مكتبة جامعة الجزائر 3
إبراهيم سلطان شيبوط

البنوك الإلكترونية / (رقم التسجيلة. 45550)

تفاصيل مارك
000 -LEADER
fixed length control field 01705nam a2200229Ia 4500
003 - CONTROL NUMBER IDENTIFIER
control field Ost
005 - DATE AND TIME OF LATEST TRANSACTION
control field 20260507075649.0
008 - FIXED-LENGTH DATA ELEMENTS--GENERAL INFORMATION
fixed length control field 260507s9999||||xx |||||||||||||| ||und||
040 ## - CATALOGING SOURCE
Transcribing agency fsecg
041 ## - LANGUAGE CODE
Language code of text/sound track or separate title ara
082 ## - DEWEY DECIMAL CLASSIFICATION NUMBER
Classification number 332.10285
100 ## - MAIN ENTRY--PERSONAL NAME
Personal name الجنبيهى، منير محمد
Relator term مؤلف
245 #0 - TITLE STATEMENT
Title البنوك الإلكترونية /
Statement of responsibility, etc. منير محمد الجنبيهى
260 ## - PUBLICATION, DISTRIBUTION, ETC.
Place of publication, distribution, etc. الإسكندرية:
Name of publisher, distributor, etc. دار الفكر الجامعي,
Date of publication, distribution, etc. 2006
300 ## - PHYSICAL DESCRIPTION
Extent 251 صفحة؛
Other physical details إيضاحات ؛
Dimensions 24 سم
504 ## - BIBLIOGRAPHY, ETC. NOTE
Bibliography, etc. note المراجع ص.251
520 ## - SUMMARY, ETC.
Summary, etc. البنوك الإلكترونية-مزايا البنوك الإلكترونية- مخاطر البنوك الإلكترونية- مبادئ إدارة المخاطر- الطبيعة القانونية للبنوك الإلكترونية- العمليات المصرفية الإلكترونية التي تقوم بها البنوك الإلكترونية- التحولات المالية الإلكترونية التي يقوم بها البنك المركزي- ماهية الاموال المتداولة لدى البنوك الإلكترونية- الطبيعة القانونية للبيانات الإلكترونية المتداولة فيما بين البنك الإلكتروني وعملائه- التوقيع الإلكتروني للعملاء وحجيته في الإثبات لدى البنوك الإلكترونية- خضوع البنوك الإلكترونية للضرائب.
653 ## - INDEX TERM--UNCONTROLLED
Uncontrolled term البنوك الإلكترونية
653 ## - INDEX TERM--UNCONTROLLED
Uncontrolled term البنوك- معالجة البيانات إلكترونيا
700 ## - ADDED ENTRY--PERSONAL NAME
Personal name الجنبيهي، ممدوح محمد
Relator term مؤلف ثانوي
942 ## - ADDED ENTRY ELEMENTS (KOHA)
Koha item type كتب
المقتنيات
Withdrawn status Lost status Source of classification or shelving scheme Damaged status Not for loan Home library Current library Date acquired Serial enumeration / chronology Inventory number Total checkouts Full call number Barcode Date last seen Price effective from Koha item type
    Dewey Decimal Classification   Available مكتبة كلية العلوم الإقتصادية والعلوم التجارية وعلوم التسيير مكتبة كلية العلوم الإقتصادية والعلوم التجارية وعلوم التسيير 07/05/2026 الطابق الثاني 1687/10   أ/1687ن10 1687/10 07/05/2026 07/05/2026 كتب
    Dewey Decimal Classification   Available مكتبة كلية العلوم الإقتصادية والعلوم التجارية وعلوم التسيير مكتبة كلية العلوم الإقتصادية والعلوم التجارية وعلوم التسيير 07/05/2026 مكتبة بن عكنون 1687/11   أ/1687ن11 1687/11 07/05/2026 07/05/2026 كتب
    Dewey Decimal Classification   Available مكتبة كلية العلوم الإقتصادية والعلوم التجارية وعلوم التسيير مكتبة كلية العلوم الإقتصادية والعلوم التجارية وعلوم التسيير 07/05/2026 مكتبة بن عكنون 1687/12   أ/1687ن12 1687/12 07/05/2026 07/05/2026 كتب
    Dewey Decimal Classification   Available مكتبة كلية العلوم الإقتصادية والعلوم التجارية وعلوم التسيير مكتبة كلية العلوم الإقتصادية والعلوم التجارية وعلوم التسيير 07/05/2026 مكتبة بن عكنون 1687/13   أ/1687ن13 1687/13 07/05/2026 07/05/2026 كتب
    Dewey Decimal Classification   Available مكتبة كلية العلوم الإقتصادية والعلوم التجارية وعلوم التسيير مكتبة كلية العلوم الإقتصادية والعلوم التجارية وعلوم التسيير 07/05/2026 مكتبة بن عكنون 1687/14   أ/1687ن14 1687/14 07/05/2026 07/05/2026 كتب
    Dewey Decimal Classification   Available مكتبة كلية العلوم الإقتصادية والعلوم التجارية وعلوم التسيير مكتبة كلية العلوم الإقتصادية والعلوم التجارية وعلوم التسيير 07/05/2026 الطابق الثاني 1687/9   أ/1687ن9 1687/9 07/05/2026 07/05/2026 كتب

موارد الويب المفتوحة


© University of Algiers 3 All Rights Reserved
|
Implemented by LECHELAH Riad